[Event "7. Arber-Open Bodenmais 2018"]
[Site "Bodenmais"]
[Date "2018.08.01"]
[Round "5.11"]
[White "Hrdina, Karl"]
[Black "Schroeder, Wilfried"]
[Result "0-1"]
[WhiteElo "1957"]
[BlackElo "2199"]
[PlyCount "122"]
[EventDate "2018.??.??"]
[WhiteTeam "SV MÃ¶dling"]
[BlackTeam "SV Wattenscheid"]

1. d4 d5 2. Nf3 e6 3. e3 f5 4. c4 Nf6 5. cxd5 exd5 6. Nc3 c6 7. Be2 Bd6 8. Ne5
Be6 9. Bh5+ g6 10. Be2 Nbd7 11. Nf3 Ne4 12. Bd2 O-O 13. Qb3 Qb6 14. Qxb6 axb6
15. Bd3 b5 16. Ne2 Nb6 17. Nf4 Rfe8 18. Nxe6 Rxe6 19. b3 f4 20. Bxe4 fxe3 21.
fxe3 dxe4 22. Ng5 Re7 23. Ke2 b4 24. Rhf1 Nd5 25. g3 b6 26. Nh3 Rea7 27. Nf2
Rxa2 28. Rxa2 Rxa2 29. Nxe4 Nc3+ 30. Kd3 Nxe4 31. Bxb4 Bxb4 32. Kxe4 Rxh2 33.
Rc1 c5 34. d5 Kf7 35. Ke5 Ke7 36. g4 Ba3 37. d6+ Kd7 38. Rd1 Bb2+ 39. Kd5 Rf2
40. e4 Rf6 41. e5 Bxe5 42. Kxe5 Re6+ 43. Kf4 h6 44. Rh1 g5+ 45. Kf5 Rxd6 46.
Re1 Rd4 47. Re3 Rf4+ 48. Kg6 Rxg4 49. Kxh6 Kd6 50. Kg6 Kd5 51. Kf5 Rg1 52. Rd3+
Kc6 53. Re3 Kb5 54. Re4 g4 55. Kf4 Rd1 56. Re3 Rd4+ 57. Kg3 Kb4 58. Kf2 c4 59.
bxc4 Kxc4 60. Re7 Kd3 61. Rb7 Rd6 0-1

[Event "7. Arber-Open Bodenmais 2018"]
[Site "Bodenmais"]
[Date "2018.08.01"]
[Round "5.12"]
[White "Hoffmann, Sebastian"]
[Black "Froeschle, Andreas"]
[Result "1-0"]
[WhiteElo "2174"]
[BlackElo "1869"]
[PlyCount "33"]
[EventDate "2018.??.??"]
[WhiteTeam "SC NT NÃ¼rnberg"]
[BlackTeam "SV Unterkochen"]

1. e4 d6 2. d4 Nf6 3. Nc3 Nbd7 4. f4 e5 5. Nf3 exd4 6. Qxd4 c6 7. Be3 d5 8.
O-O-O c5 9. Qa4 d4 10. Nxd4 cxd4 11. Bxd4 Qc7 12. Be5 Qb6 13. Bb5 Bc5 14. Bxf6
O-O 15. Nd5 Be3+ 16. Kb1 Qc5 17. Be7 1-0

[Event "7. Arber-Open Bodenmais 2018"]
[Site "Bodenmais"]
[Date "2018.08.01"]
[Round "5.13"]
[White "Eizenhammer, Peter"]
[Black "Grabmeier, Johannes"]
[Result "1-0"]
[WhiteElo "2148"]
[BlackElo "1906"]
[PlyCount "73"]
[EventDate "2018.??.??"]
[WhiteTeam "SC Vilshofen"]
[BlackTeam "SV Deggendorf"]

1. d4 c5 2. dxc5 e6 3. c4 Qa5+ 4. Nc3 Qxc5 5. e4 g6 6. Be3 Qa5 7. Nf3 Nc6 8.
Be2 Bg7 9. O-O Bxc3 10. bxc3 Nf6 11. Nd4 e5 12. Nb5 Nxe4 13. Qc2 f5 14. f3 Nf6
15. Nd6+ Ke7 16. Rfd1 Nd8 17. Rab1 Qc7 18. Nb5 Qa5 19. Bc5+ Kf7 20. Bd6 Ne6 21.
Bxe5 Rf8 22. Nd6+ Kg8 23. Rb5 Qd8 24. c5 Nxc5 25. Bc4+ Ne6 26. Nxf5 d5 27. Nh6+
Kg7 28. Ng4 Nc7 29. Rc5 Nce8 30. Rcxd5 Qe7 31. Qd2 Be6 32. Qh6+ Kg8 33. Bxf6
Nxf6 34. Re5 Nxg4 35. fxg4 Qc7 36. Bxe6+ Kh8 37. Qe3 1-0

[Event "7. Arber-Open Bodenmais 2018"]
[Site "Bodenmais"]
[Date "2018.08.01"]
[Round "5.15"]
[White "Bensch, Patrick"]
[Black "Kugelmann, Werner"]
[Result "0-1"]
[WhiteElo "2197"]
[BlackElo "2119"]
[PlyCount "78"]
[EventDate "2018.??.??"]
[WhiteTeam "SC Rottal-Inn"]
[BlackTeam "TSV Wertingen"]

1. e4 e5 2. Nf3 Nc6 3. Bb5 Nd4 4. Nxd4 exd4 5. O-O c6 6. Bc4 Nf6 7. Re1 d6 8.
d3 Be7 9. Bg5 Ng4 10. Bxe7 Qxe7 11. h3 Ne5 12. f4 Ng6 13. Rf1 O-O 14. Nd2 Bd7
15. Qh5 Kh8 16. Rae1 f6 17. c3 dxc3 18. bxc3 b5 19. Bb3 Be8 20. Qf3 Bf7 21. d4
Bxb3 22. axb3 Qc7 23. f5 Ne7 24. Qf4 Rad8 25. Nf3 Qb6 26. Kh1 a5 27. g4 c5 28.
g5 b4 29. gxf6 gxf6 30. Rg1 Rf7 31. e5 dxe5 32. dxe5 Qc7 33. cxb4 axb4 34. Re4
Nd5 35. Qg4 Nc3 36. Ree1 fxe5 37. Rxe5 Re7 38. Qg3 Ne2 39. Rxe7 Nxg3+ 0-1

[Event "7. Arber-Open Bodenmais 2018"]
[Site "Bodenmais"]
[Date "2018.08.01"]
[Round "5.16"]
[White "Huber, Florian"]
[Black "Schmahl, Stephan"]
[Result "1/2-1/2"]
[WhiteElo "2007"]
[BlackElo "2148"]
[PlyCount "23"]
[EventDate "2018.??.??"]
[WhiteTeam "SK Landau-Dingolfing"]
[BlackTeam "SC Bavaria Regensburg von 1881"]

1. d4 Nf6 2. Nf3 g6 3. e3 Bg7 4. Bd3 d6 5. b3 O-O 6. Bb2 Nbd7 7. Nbd2 e5 8. O-O
Re8 9. dxe5 Ng4 10. Rb1 Ngxe5 11. Be2 Nxf3+ 12. Nxf3 1/2-1/2

[Event "7. Arber-Open Bodenmais 2018"]
[Site "Bodenmais"]
[Date "2018.08.01"]
[Round "5.17"]
[White "Strahl, Christian"]
[Black "Herbold, Manfred"]
[Result "0-1"]
[WhiteElo "1861"]
[BlackElo "2144"]
[PlyCount "132"]
[EventDate "2018.??.??"]
[WhiteTeam "1.FC Marktleuthen"]
[BlackTeam "SC Niedermohr-HÃ¼tschenhausen"]

1. e4 c5 2. Nf3 g6 3. g3 Nc6 4. Bg2 Bg7 5. O-O d6 6. c3 e5 7. Na3 Be6 8. Nc2
Qb6 9. Ng5 Bd7 10. Bh3 Bxh3 11. Nxh3 Nge7 12. Ne3 Qc7 13. d3 Qd7 14. Kg2 h5 15.
f4 f5 16. Nd5 Nxd5 17. exd5 Ne7 18. Qf3 Bf6 19. Bd2 O-O-O 20. Rfb1 h4 21. c4 e4
22. Qe2 Ng8 23. dxe4 hxg3 24. hxg3 fxe4 25. Nf2 Bd4 26. Be3 Nf6 27. Rh1 Kc7 28.
Rae1 Rxh1 29. Rxh1 Re8 30. b3 Qg7 31. Rd1 g5 32. fxg5 Nh7 33. Qd2 Bxe3 34. Qxe3
Nxg5 35. Re1 Rf8 36. Nxe4 Re8 37. Qxg5 Qxg5 38. Nxg5 Rxe1 39. g4 Kd7 40. Ne6
Ke7 41. g5 Re2+ 42. Kf1 Rxa2 43. g6 b6 44. Ng5 Kf6 45. Ne4+ Kxg6 46. Nxd6 Kf6
47. Ke1 Ke7 48. Ne4 Rh2 49. Kd1 Kf7 50. Kc1 Kg6 51. Nd6 Kf6 52. Nb5 a6 53. Nc7
Ke5 54. Ne6 Rh6 55. Nc7 Kd4 56. Kb2 Rh2+ 57. Ka3 Rh7 58. Ne6+ Kc3 59. Nf4 Rh1
60. Ne2+ Kc2 61. Ka2 Rh2 62. Nf4 Rf2 63. Ne6 Kc3+ 64. Ka3 Rb2 65. Nf4 Rxb3+ 66.
Ka2 Rb2+ 0-1

[Event "7. Arber-Open Bodenmais 2018"]
[Site "Bodenmais"]
[Date "2018.08.01"]
[Round "5.18"]
[White "Zepke, Armin"]
[Black "Vennemann, Juergen"]
[Result "1-0"]
[WhiteElo "2130"]
[BlackElo "1887"]
[PlyCount "109"]
[EventDate "2018.??.??"]
[WhiteTeam "SC Bayerwald"]
[BlackTeam "SC Hersbruck"]

1. d4 d5 2. c4 c6 3. cxd5 cxd5 4. Nc3 Nf6 5. Bf4 Nc6 6. e3 a6 7. Rc1 e6 8. Bd3
Bd6 9. Bxd6 Qxd6 10. Nf3 O-O 11. O-O e5 12. dxe5 Nxe5 13. Nxe5 Qxe5 14. h3 Qg5
15. Qf3 b5 16. Rfd1 Be6 17. Bf1 Rad8 18. a3 d4 19. exd4 Rxd4 20. Ne2 Rh4 21.
Ng3 h5 22. Qe3 Qxe3 23. fxe3 Bc4 24. Rd6 Bxf1 25. Kxf1 Ne4 26. Nxe4 Rxe4 27.
Rxa6 Rxe3 28. b4 Rd8 29. Rc5 Rd2 30. Rxh5 g6 31. Rg5 Rb3 32. Kg1 Ra2 33. Kh2
Kg7 34. Ra5 f6 35. Rg3 Rb1 36. Rxb5 Raa1 37. Rf3 f5 38. Rc5 Ra2 39. Rcc3 Kf6
40. h4 Rbb2 41. Rg3 f4 42. Rcf3 Rxa3 43. Rxf4+ Ke5 44. Rc4 Ra6 45. Rcg4 Ra1 46.
Rg5+ Kf4 47. Rxg6 Rbb1 48. Rf3+ Ke4 49. b5 Rh1+ 50. Kg3 Rhg1 51. h5 Ra2 52. Kh2
Rb1 53. h6 Ra8 54. b6 Rb8 55. h7 1-0

[Event "7. Arber-Open Bodenmais 2018"]
[Site "Bodenmais"]
[Date "2018.08.01"]
[Round "5.19"]
[White "Kneutgen, Alexander"]
[Black "Kottmair, Toni"]
[Result "1/2-1/2"]
[WhiteElo "1933"]
[BlackElo "2126"]
[PlyCount "27"]
[EventDate "2018.??.??"]
[WhiteTeam "SG Niederkassel"]
[BlackTeam "SK KÃ¶nigsbrunn"]

1. Nf3 Nf6 2. g3 d5 3. Bg2 c6 4. O-O Bf5 5. d3 e6 6. Nbd2 Be7 7. Qe1 h6 8. e4
Bh7 9. e5 Nfd7 10. b3 Qa5 11. Bb2 Ba3 12. Bxa3 Qxa3 13. Qe2 O-O 14. Rfe1
1/2-1/2

[Event "7. Arber-Open Bodenmais 2018"]
[Site "Bodenmais"]
[Date "2018.08.01"]
[Round "5.20"]
[White "Fauth, Dietmar"]
[Black "Albrecht, Manuel"]
[Result "1-0"]
[WhiteElo "2112"]
[BlackElo "1863"]
[PlyCount "47"]
[EventDate "2018.??.??"]
[WhiteTeam "MÃ¼nchener SC"]
[BlackTeam "SK Landau-Dingolfing"]

1. e4 e5 2. Nf3 Nc6 3. Bc4 Bc5 4. d3 Nf6 5. c3 O-O 6. Bb3 d5 7. Qe2 dxe4 8.
dxe4 Na5 9. Bc2 Bd6 10. Bg5 h6 11. Bh4 Be6 12. Nbd2 c5 13. b3 Rc8 14. Rd1 Qe7
15. O-O Bg4 16. h3 Bd7 17. Rfe1 Kh7 18. Nf1 g5 19. Bg3 Nc6 20. Ne3 Nh5 21.
Nxg5+ hxg5 22. Qxh5+ Kg7 23. Rxd6 Rg8 24. Qh6# 1-0

[Event "7. Arber-Open Bodenmais 2018"]
[Site "Bodenmais"]
[Date "2018.08.01"]
[Round "5.21"]
[White "Legemaat, Gerrit"]
[Black "Medunova, Vera"]
[Result "0-1"]
[WhiteElo "1946"]
[BlackElo "2101"]
[PlyCount "98"]
[EventDate "2018.??.??"]
[WhiteTeam "SV Doorn Driebergen"]
[BlackTeam "SK Rothenburg"]

1. d4 Nf6 2. c4 c5 3. d5 b5 4. cxb5 a6 5. bxa6 g6 6. Nc3 Bxa6 7. e4 Bxf1 8.
Kxf1 d6 9. Nf3 Nbd7 10. g3 Bg7 11. Kg2 O-O 12. a4 Qb6 13. Qe2 Rfb8 14. h3 Ne8
15. Nb5 Nc7 16. Nxc7 Qxc7 17. Ra2 Rb4 18. Qc2 Qb7 19. Re1 Qa6 20. b3 c4 21.
bxc4 Rxc4 22. Qe2 Rxa4 23. Qxa6 R8xa6 24. Rae2 Nc5 25. Bg5 e6 26. dxe6 fxe6 27.
Bd2 h6 28. Nh4 Kf7 29. f4 Ra2 30. Nf3 R6a4 31. g4 Nd3 32. Kg3 Nxe1 33. Rxe1
R4a3 34. Bb4 Rd3 35. h4 Rb2 36. Ba5 Rbb3 37. Rf1 Re3 38. f5 Rxe4 39. fxg6+ Kxg6
40. h5+ Kf7 41. Bd2 Ke7 42. g5 hxg5 43. Bxg5+ Bf6 44. Bd2 Re2 45. Bh6 d5 46.
Kg4 Re4+ 47. Kg3 Rh4 48. Bf4 Rxh5 49. Kg4 Rh8 0-1

[Event "7. Arber-Open Bodenmais 2018"]
[Site "Bodenmais"]
[Date "2018.08.01"]
[Round "5.22"]
[White "Stehlik, Christian"]
[Black "Hein, Ralf"]
[Result "0-1"]
[WhiteElo "1747"]
[BlackElo "2048"]
[PlyCount "42"]
[EventDate "2018.??.??"]
[WhiteTeam "SC Bayerwald"]
[BlackTeam "SC Diogenes"]

1. e4 c5 2. Be2 Nc6 3. c3 e5 4. Bf3 g6 5. Ne2 Bg7 6. d3 Nge7 7. Ng3 O-O 8. Be3
d6 9. Nd2 b5 10. a4 b4 11. Nc4 Be6 12. Bg4 f5 13. exf5 gxf5 14. Bf3 f4 15. Bd2
d5 16. Bxd5 Qxd5 17. Ne4 Qxd3 18. Ncd6 Nc8 19. Ng5 Qxd6 20. Qh5 Bf5 21. g4 Bg6
0-1

[Event "7. Arber-Open Bodenmais 2018"]
[Site "Bodenmais"]
[Date "2018.08.01"]
[Round "5.23"]
[White "Uneken, Bert"]
[Black "Gschwendtner, Stanislav"]
[Result "1-0"]
[WhiteElo "1804"]
[BlackElo "2032"]
[PlyCount "69"]
[EventDate "2018.??.??"]
[WhiteTeam "Niederlande"]
[BlackTeam "SC Bayerwald"]
[WhiteTeamCountry "NED"]

1. d4 Nf6 2. Nc3 d5 3. Bg5 g6 4. Bxf6 exf6 5. e3 c6 6. Bd3 Bd6 7. Nge2 Be6 8.
Qd2 b5 9. e4 b4 10. Nd1 dxe4 11. Bxe4 f5 12. Bf3 Bd5 13. Bxd5 cxd5 14. Qe3+ Kd7
15. Qf3 Qa5 16. O-O Nc6 17. Ne3 Rae8 18. Rfe1 Re4 19. c3 Rhe8 20. c4 Ne7 21. c5
Bb8 22. a3 Qc7 23. g3 Qa5 24. axb4 Qxb4 25. Nc3 f4 26. Nexd5 Rxe1+ 27. Rxe1
Qxd4 28. Rxe7+ Rxe7 29. Nxe7 fxg3 30. hxg3 Qxc5 31. Ned5 f5 32. Nf6+ Ke6 33.
Nxh7 Qd4 34. Qe2+ Be5 35. Ng5+ 1-0

[Event "7. Arber-Open Bodenmais 2018"]
[Site "Bodenmais"]
[Date "2018.08.01"]
[Round "5.24"]
[White "Bruening, Martin"]
[Black "Wuest, Hans-Heiner"]
[Result "1/2-1/2"]
[WhiteElo "1736"]
[BlackElo "2026"]
[PlyCount "98"]
[EventDate "2018.??.??"]
[WhiteTeam "TuS Syke"]
[BlackTeam "SV Walldorf"]

1. d4 Nf6 2. Nf3 g6 3. c4 Bg7 4. Nc3 d5 5. e3 O-O 6. Bd3 c5 7. O-O cxd4 8. Nxd4
e5 9. Nb3 Nc6 10. cxd5 Nxd5 11. Nxd5 Qxd5 12. e4 Qd6 13. Be3 b6 14. Qe2 Nb4 15.
Bc4 Be6 16. Rfd1 Qe7 17. a3 Nc6 18. Bd5 Rac8 19. Rd2 Rfd8 20. Rad1 Nd4 21. Nxd4
exd4 22. Bxd4 Bxd4 23. Rxd4 Bxd5 24. Rxd5 Rxd5 25. Rxd5 Rc1+ 26. Rd1 Qxe4 27.
Kf1 Rxd1+ 28. Qxd1 Qc4+ 29. Ke1 Qe4+ 30. Kf1 Qe5 31. Qd8+ Kg7 32. Qd7 Qxb2 33.
Qxa7 Qb1+ 34. Ke2 Qe4+ 35. Kf1 Qd4 36. g3 Qd3+ 37. Kg2 Qd5+ 38. Kg1 b5 39. Qe3
g5 40. h3 h5 41. f3 Kf6 42. Kf2 Qa2+ 43. Qe2 Qxe2+ 44. Kxe2 Ke5 45. Kd3 f5 46.
Kc3 Kd5 47. Kb4 Kc6 48. g4 hxg4 49. hxg4 fxg4 1/2-1/2

[Event "7. Arber-Open Bodenmais 2018"]
[Site "Bodenmais"]
[Date "2018.08.01"]
[Round "5.25"]
[White "Godoj, Veit"]
[Black "Neumann, Lutz"]
[Result "1-0"]
[WhiteElo "2017"]
[BlackElo "1815"]
[PlyCount "133"]
[EventDate "2018.??.??"]
[WhiteTeam "KÃ¶nigsjÃ¤ger SW Berlin"]
[BlackTeam "BSV Ehrenfriedersdorf"]

1. d4 d5 2. e3 Nf6 3. Bd3 c6 4. Nd2 Bg4 5. f3 Bh5 6. Ne2 Nbd7 7. Nf4 Bg6 8.
Nxg6 hxg6 9. f4 e6 10. O-O Bd6 11. c4 Qe7 12. c5 Bc7 13. b4 b5 14. a4 bxa4 15.
Rxa4 a5 16. Nb3 Qd8 17. bxa5 Bxa5 18. Nxa5 Rxa5 19. Bd2 Ra8 20. h3 Ke7 21. Qc2
Qc7 22. Rfa1 Rxa4 23. Rxa4 Rb8 24. g4 Qb7 25. Rb4 Qa7 26. Rxb8 Nxb8 27. Qb1
Nfd7 28. g5 Qa3 29. Bb4 Qa4 30. Bc3 Qa3 31. Qb2 Qa4 32. Qd2 Qa3 33. Kf2 Qa4 34.
Ba5 Qb3 35. h4 Qb7 36. Qe2 Qa7 37. Qa2 Qb7 38. Qb1 Qa7 39. Qa2 Qb7 40. Ke1 Ke8
41. Kd2 Ke7 42. Kc3 Ke8 43. Bb4 Ke7 44. Qa5 Ke8 45. Qa1 Ke7 46. Be2 Ke8 47. Ba5
Ke7 48. Bd3 Ke8 49. e4 dxe4 50. Bxe4 Ke7 51. Bd3 Ke8 52. Qa3 Nf8 53. Qb4 Qxb4+
54. Kxb4 Kd7 55. Bb6 Kc8 56. Ka5 Kb7 57. Bd8 Nbd7 58. Be7 f5 59. Bd6 Nh7 60.
Ba6+ Ka7 61. Bc8 Nhf8 62. Kb4 Ka8 63. Ka4 Ka7 64. Ka5 Ka8 65. Ka6 Nb8+ 66. Kb6
e5 67. Bb7# 1-0

[Event "7. Arber-Open Bodenmais 2018"]
[Site "Bodenmais"]
[Date "2018.08.01"]
[Round "5.26"]
[White "Benischek, Wolfgang"]
[Black "Khamenya, Vitalia"]
[Result "1/2-1/2"]
[WhiteElo "2122"]
[BlackElo "1770"]
[PlyCount "39"]
[EventDate "2018.??.??"]
[WhiteTeam "SK Freising"]
[BlackTeam "SK GrÃ¤felfing"]

1. Nf3 Nf6 2. c4 e6 3. d4 d5 4. Nc3 Be7 5. Bf4 O-O 6. e3 b6 7. Rc1 c5 8. cxd5
exd5 9. Ne5 Bb7 10. Be2 Nbd7 11. O-O Nxe5 12. Bxe5 Ne4 13. Nxe4 dxe4 14. Qa4 f6
15. Bg3 cxd4 16. Bc7 Qe8 17. Qxd4 Bc5 18. Qc4+ Kh8 19. b4 Rc8 20. Qb3 1/2-1/2

[Event "7. Arber-Open Bodenmais 2018"]
[Site "Bodenmais"]
[Date "2018.08.01"]
[Round "5.27"]
[White "Hohlfeld, Wolfgang"]
[Black "Horther-Schneider, Elsbeth"]
[Result "1/2-1/2"]
[WhiteElo "2062"]
[BlackElo "1839"]
[PlyCount "73"]
[EventDate "2018.??.??"]
[WhiteTeam "SC Diogenes Hamburg"]
[BlackTeam "SC Windischeschenbach"]

1. d4 Nf6 2. Nf3 d5 3. c4 e6 4. Nc3 Be7 5. Bg5 O-O 6. e3 b6 7. Bd3 Bb7 8. O-O
Nbd7 9. Rc1 dxc4 10. Bxc4 Ne4 11. Bf4 Bd6 12. Bxd6 Nxd6 13. Bd3 Qf6 14. Nb5
Nxb5 15. Bxb5 Qd8 16. Bc6 Bxc6 17. Rxc6 Nb8 18. Rc3 a5 19. Ne5 Na6 20. Qf3 Qd5
21. Qxd5 exd5 22. a3 f6 23. Nd3 Rf7 24. Rfc1 Ra7 25. Rb3 Rb7 26. g3 Nb8 27. Rb5
c6 28. Rb3 Kf8 29. Kg2 Ke8 30. Kf3 Rfe7 31. Nf4 Kd7 32. Rbc3 Kd6 33. h4 Rec7
34. Nd3 h6 35. Rb3 Nd7 36. Kf4 Nf8 37. Kf3 1/2-1/2

[Event "7. Arber-Open Bodenmais 2018"]
[Site "Bodenmais"]
[Date "2018.08.01"]
[Round "5.28"]
[White "Scheuerer, Werner"]
[Black "Kolb, Wolfgang"]
[Result "0-1"]
[WhiteElo "1828"]
[BlackElo "2047"]
[PlyCount "66"]
[EventDate "2018.??.??"]
[WhiteTeam "SC Garching"]
[BlackTeam "SK KÃ¶nigsbrunn"]

1. f4 d5 2. Nf3 Nf6 3. g3 g6 4. Bg2 Bg7 5. O-O O-O 6. c3 b6 7. Na3 Bb7 8. Nc2
c5 9. b4 cxb4 10. Nxb4 Nbd7 11. Nd3 Qc7 12. Ba3 Rfe8 13. Rc1 Ne4 14. Ng5 Nxg5
15. fxg5 Ne5 16. Nb2 Nc4 17. Nxc4 dxc4 18. Bxb7 Qxb7 19. Rf3 Qd5 20. h4 h6 21.
gxh6 Bxh6 22. Rc2 e5 23. h5 e4 24. Rf6 Qe5 25. Rf2 e3 26. Rf3 exd2 27. hxg6
fxg6 28. Rxd2 Bxd2 29. Qxd2 Rad8 30. Qh6 Rd1+ 31. Kg2 Qxe2+ 32. Rf2 Qe4+ 33.
Rf3 Rd3 0-1

[Event "7. Arber-Open Bodenmais 2018"]
[Site "Bodenmais"]
[Date "2018.08.01"]
[Round "5.29"]
[White "Fehrmann, Gregor"]
[Black "Schmitz, Tim"]
[Result "1/2-1/2"]
[WhiteElo "1989"]
[BlackElo "1821"]
[PlyCount "29"]
[EventDate "2018.??.??"]
[WhiteTeam "SK BruckmÃ¼hl"]
[BlackTeam "SC Sendling"]

1. e4 c5 2. c4 Nc6 3. g3 Nf6 4. Bg2 g6 5. Ne2 Bg7 6. Nbc3 O-O 7. O-O d6 8. d3
Bd7 9. Rb1 Qc8 10. a3 Bg4 11. f3 Bh3 12. Bxh3 Qxh3 13. Nf4 Qd7 14. Be3 Ne8 15.
Kg2 1/2-1/2

[Event "7. Arber-Open Bodenmais 2018"]
[Site "Bodenmais"]
[Date "2018.08.01"]
[Round "5.30"]
[White "Glaser, Max"]
[Black "Beulertz, Stefan"]
[Result "0-1"]
[WhiteElo "1812"]
[BlackElo "1983"]
[PlyCount "136"]
[EventDate "2018.??.??"]
[WhiteTeam "SC Furth WaldmÃ¼nchen"]
[BlackTeam "SC Werl 1981"]

1. e4 e6 2. d4 d5 3. Nd2 Nc6 4. Ngf3 Nf6 5. e5 Nd7 6. Bb5 a6 7. Be2 f6 8. exf6
Qxf6 9. Nb3 Bd6 10. Bg5 Qf7 11. O-O O-O 12. c4 dxc4 13. Bxc4 Nb6 14. Bd3 Qh5
15. h4 h6 16. Be3 Nd5 17. Be4 Qg4 18. Nbd2 Nce7 19. Bxd5 exd5 20. g3 Nf5 21.
Nh2 Qh3 22. Qf3 Be6 23. Qg2 Nxe3 24. fxe3 Qxg3 25. Qxg3 Bxg3 26. Nhf3 Bh3 27.
Rfc1 c6 28. Rc3 Rae8 29. b4 Re6 30. Rac1 Rfe8 31. e4 dxe4 32. Ng5 hxg5 33. Rxg3
g4 34. Re1 e3 35. Nc4 Rd8 36. Rexe3 Rxe3 37. Rxe3 Rxd4 38. Rc3 g3 39. Rxg3 Rxc4
40. Rxh3 Rxb4 41. a3 Rb2 42. Rf3 Kh7 43. Rf7 Kh6 44. h5 b6 45. Rc7 c5 46. Rb7
c4 47. Rc7 b5 48. Rc6+ Kxh5 49. Rxa6 g5 50. Rc6 Rc2 51. Rc5 Rb2 52. Kf1 Ra2 53.
Rxb5 Rxa3 54. Kg2 Rb3 55. Rc5 c3 56. Kg3 c2+ 57. Kg2 Rb2 58. Kg3 Rb3+ 59. Kg2
Rb2 60. Kg3 Kg6 61. Kg4 Kf6 62. Rc8 Ke5 63. Kxg5 Kd4 64. Kf4 Kd3 65. Rd8+ Ke2
66. Rc8 Kd2 67. Rd8+ Kc1 68. Ke3 Kb1 0-1

[Event "7. Arber-Open Bodenmais 2018"]
[Site "Bodenmais"]
[Date "2018.08.01"]
[Round "5.32"]
[White "Wacker, Andreas"]
[Black "Schultes, Christoph"]
[Result "1/2-1/2"]
[WhiteElo "1824"]
[BlackElo "1976"]
[PlyCount "102"]
[EventDate "2018.??.??"]
[WhiteTeam "SC Lambsheim"]
[BlackTeam "SK Landau-Dingolfing"]

1. e4 c5 2. Nc3 Nc6 3. g3 g6 4. Bg2 Bg7 5. d3 d6 6. Be3 e6 7. f4 Nge7 8. Qd2
Nd4 9. Nd1 Rb8 10. c3 Ndc6 11. Nf3 O-O 12. O-O b6 13. d4 Bb7 14. Nf2 cxd4 15.
cxd4 d5 16. e5 Nf5 17. g4 Nxe3 18. Qxe3 f5 19. g5 Qe7 20. Rfc1 Rfc8 21. Nd1 Ba6
22. Bf1 Qb7 23. Nc3 Bxf1 24. Kxf1 Qa6+ 25. Kf2 Bf8 26. Qe2 Qxe2+ 27. Kxe2 a6
28. Ke3 Na5 29. Rc2 Rc6 30. Rac1 Rbc8 31. Kd3 b5 32. Nd2 Kf7 33. Ndb1 Ke8 34.
Ne2 Rxc2 35. Rxc2 Rxc2 36. Kxc2 Nc4 37. b3 Ne3+ 38. Kd2 Ng4 39. h3 Nf2 40. Ke3
Ne4 41. a3 Kd7 42. Nc1 a5 43. Nd3 b4 44. a4 Kc6 45. Nd2 Be7 46. Nc1 Bd8 47. Ne2
Bb6 48. Nf3 Kd7 49. Nd2 Ke7 50. Nf3 Kd7 51. Nd2 Ke7 1/2-1/2

[Event "7. Arber-Open Bodenmais 2018"]
[Site "Bodenmais"]
[Date "2018.08.01"]
[Round "5.33"]
[White "Schleich, Theodor"]
[Black "Van Hoorebeke, Jimmy"]
[Result "1-0"]
[WhiteElo "1961"]
[BlackElo "1783"]
[PlyCount "29"]
[EventDate "2018.??.??"]
[WhiteTeam "MÃ¼nchener SC"]
[BlackTeam "Belgien"]
[BlackTeamCountry "BEL"]

1. d4 f5 2. Bg5 h6 3. Bh4 g5 4. e3 Nf6 5. Bg3 d6 6. h4 Rg8 7. hxg5 hxg5 8. Bc4
e6 9. Nc3 Bd7 10. Qe2 Qe7 11. O-O-O Nc6 12. d5 Na5 13. dxe6 Bxe6 14. Bxe6 Qxe6
15. Qb5+ 1-0

[Event "7. Arber-Open Bodenmais 2018"]
[Site "Bodenmais"]
[Date "2018.08.01"]
[Round "5.34"]
[White "Tober, Julian"]
[Black "Reuter, Roland"]
[Result "1-0"]
[WhiteElo "1820"]
[BlackElo "1953"]
[PlyCount "93"]
[EventDate "2018.??.??"]
[WhiteTeam "SV Unser Fritz"]
[BlackTeam "SK Schwabach"]

1. e4 c5 2. Nf3 Nc6 3. d4 cxd4 4. Nxd4 Nf6 5. f3 g6 6. c4 Bg7 7. Be3 O-O 8. Qd2
d6 9. Be2 Bd7 10. O-O a5 11. Nc3 Nxd4 12. Bxd4 Bc6 13. Nd5 Nd7 14. Bxg7 Kxg7
15. Rac1 Kg8 16. Rc3 Bxd5 17. cxd5 Qb6+ 18. Kh1 Nc5 19. h4 Qd8 20. h5 e5 21.
dxe6 Nxe6 22. hxg6 Qh4+ 23. Kg1 hxg6 24. f4 Rfd8 25. Rh3 Qf6 26. f5 Qd4+ 27.
Qxd4 Nxd4 28. Bd3 Nc6 29. f6 Ne5 30. Rf4 g5 31. Rf5 g4 32. Rg5+ Ng6 33. Rxg4
Rac8 34. e5 dxe5 35. Bc4 Rxc4 36. Rxc4 Nf4 37. Rh4 Ng6 38. Rh5 Re8 39. Kf1 b6
40. b4 Nf4 41. Rh6 Rd8 42. bxa5 bxa5 43. g3 Ng6 44. a4 Rb8 45. Rc5 Rb6 46. Rc8+
Nf8 47. Rxf8+ 1-0

[Event "7. Arber-Open Bodenmais 2018"]
[Site "Bodenmais"]
[Date "2018.08.01"]
[Round "5.35"]
[White "Kochendoerfer, Juergen"]
[Black "Brock, Ditmar"]
[Result "0-1"]
[WhiteElo "1776"]
[BlackElo "1933"]
[PlyCount "62"]
[EventDate "2018.??.??"]
[WhiteTeam "SV Crailsheim"]
[BlackTeam "SC Bad KÃ¶tzting"]

1. b3 d5 2. Bb2 Nf6 3. e3 e6 4. Nf3 Be7 5. c4 O-O 6. d3 c5 7. Be2 Nc6 8. d4
cxd4 9. Nxd4 Bb4+ 10. Bc3 Bxc3+ 11. Nxc3 e5 12. Nxc6 bxc6 13. cxd5 Qa5 14. Qd2
Rd8 15. Ne4 Qxd2+ 16. Nxd2 cxd5 17. Nf3 Re8 18. O-O Bg4 19. Bb5 Re7 20. Nd2 Rc8
21. h3 Rc2 22. hxg4 Rxd2 23. Rac1 g6 24. f3 Rxa2 25. g5 Nh5 26. Rfd1 d4 27. g4
Ng3 28. Re1 Rb7 29. Bc4 dxe3 30. Rxe3 Rd7 31. Be2 Nxe2+ 0-1

[Event "7. Arber-Open Bodenmais 2018"]
[Site "Bodenmais"]
[Date "2018.08.01"]
[Round "5.36"]
[White "Lehmann, Tim"]
[Black "Rempe, Jonas"]
[Result "1/2-1/2"]
[WhiteElo "1915"]
[BlackElo "1567"]
[PlyCount "77"]
[EventDate "2018.??.??"]
[WhiteTeam "SV Lahn Limburg"]
[BlackTeam "SK Doppelbauer Kiel"]

1. d4 Nf6 2. Bf4 g6 3. Nc3 Bg7 4. e4 d6 5. Qd2 O-O 6. O-O-O c6 7. Bh6 b5 8. Bd3
b4 9. Nce2 a5 10. Bxg7 Kxg7 11. f4 Qb6 12. h4 h5 13. Nf3 a4 14. c4 bxc3 15.
Nxc3 Qb4 16. a3 Qb7 17. e5 Ng4 18. Nh2 d5 19. f5 Nxh2 20. Rxh2 e6 21. f6+ Kh7
22. Qg5 Rh8 23. Qxh5+ Kg8 24. Qg4 Na6 25. Rdh1 Rb8 26. Qe2 c5 27. Bxa6 Qxa6 28.
Qxa6 Bxa6 29. dxc5 Rc8 30. Nxa4 Bb5 31. Nc3 Rxc5 32. Kd2 d4 33. Nxb5 Rxb5 34.
b4 Rxe5 35. g4 Re4 36. g5 Kh7 37. Rc1 Ra8 38. Rh3 Rg4 39. Re1 1/2-1/2

[Event "7. Arber-Open Bodenmais 2018"]
[Site "Bodenmais"]
[Date "2018.08.01"]
[Round "5.37"]
[White "Wolff, Peter"]
[Black "Mittermaier, Johann"]
[Result "0-1"]
[WhiteElo "1894"]
[BlackElo "1696"]
[PlyCount "114"]
[EventDate "2018.??.??"]
[WhiteTeam "VSG Offenbach"]
[BlackTeam "SV Deggendorf"]

1. c4 e6 2. g3 d5 3. Bg2 Nf6 4. Nf3 c5 5. O-O Be7 6. b3 O-O 7. Bb2 Nc6 8. e3
Qb6 9. Qe2 a5 10. Na3 a4 11. Nb5 axb3 12. axb3 Bd7 13. d4 Ne4 14. Ne5 Nxe5 15.
dxe5 h6 16. f3 Ng5 17. h4 Nh7 18. Bh3 Bxb5 19. cxb5 Rfd8 20. Rfd1 Ra5 21. Rxa5
Qxa5 22. Ra1 Qb4 23. Ra7 d4 24. exd4 cxd4 25. Ba3 d3 26. Qd1 Qd4+ 27. Kf1 Qxa7
28. Bxe7 Rd7 29. Bd6 Qe3 30. Bg4 Rd8 31. Qe1 Qd4 32. f4 Ra8 33. Bd1 Ra2 34. Bb4
Rh2 35. Bf3 d2 36. Bxd2 Rxd2 37. Be2 Ra2 38. Qf2 Qe4 39. Qf3 Rxe2 40. Qxe2
Qxe2+ 41. Kxe2 h5 42. Kd3 Kf8 43. Kc4 b6 44. Kd4 Ke7 45. Ke4 Nf8 46. b4 Ng6 47.
Kf3 Kd7 48. g4 hxg4+ 49. Kxg4 Ne7 50. h5 Nf5 51. Kg5 Ke7 52. Kg4 Nd4 53. Kg5
Nxb5 54. f5 exf5 55. Kxf5 Nd4+ 56. Ke4 Nc2 57. b5 Ke6 0-1